00353nam a2200121 a 45000010005000000030005000050050017000100080041000270400020000681000035000882450088001232600020002112665CDMR20130312184049.0130130s1977||||||||||||||||||||||||||||d aCDMRbcatcCDMR1 aUrniza Prats, Fransisco Javier14aLos orígenes de la prensa paramédica en EspañacFransisco Javier Urzina Prats aBarcelonac1976